[Event "MCR junioru 2024"]
[Site "Jaromerice nad Rokytnou, Czech Republic"]
[Date "????.??.??"]
[Round "8.2"]
[White "Jares, Michal"]
[Black "Hak, David"]
[Result "1-0"]
[WhiteFideId "386839"]
[BlackFideId "377007"]
[WhiteElo "2347"]
[BlackElo "2283"]

1. Nf3 {[%clk 01:30:57]} {[%emt 00:00:02]} d5 {[%clk 01:30:53]} {[%emt
00:00:08]} 2. g3 {[%clk 01:31:25]} {[%emt 00:00:02]} c6 {[%clk 01:30:25]}
{[%emt 00:00:59]} 3. Bg2 {[%clk 01:31:47]} {[%emt 00:00:06]} Bg4 {[%clk
01:30:47]} {[%emt 00:00:09]} 4. O-O {[%clk 01:31:32]} {[%emt 00:00:45]} Nd7
{[%clk 01:30:43]} {[%emt 00:00:33]} 5. d4 {[%clk 01:31:40]} {[%emt 00:00:22]}
e6 {[%clk 01:30:55]} {[%emt 00:00:19]} 6. c4 {[%clk 01:31:48]} {[%emt
00:00:21]} Ngf6 {[%clk 01:27:49]} {[%emt 00:03:36]} 7. h3 {[%clk 01:30:16]}
{[%emt 00:02:02]} Bf5 {[%clk 01:27:46]} {[%emt 00:00:34]} 8. Nc3 {[%clk
01:29:07]} {[%emt 00:01:38]} Ne4 {[%clk 01:26:15]} {[%emt 00:02:02]} 9. Nh4
{[%clk 01:19:33]} {[%emt 00:10:04]} Nxc3 {[%clk 01:22:47]} {[%emt 00:03:58]} 10.
bxc3 {[%clk 01:19:47]} {[%emt 00:00:15]} Be4 {[%clk 01:22:53]} {[%emt
00:00:25]} 11. f3 {[%clk 01:17:26]} {[%emt 00:02:51]} Bg6 {[%clk 01:22:08]}
{[%emt 00:01:15]} 12. cxd5 {[%clk 01:16:31]} {[%emt 00:01:25]} cxd5 {[%clk
01:20:03]} {[%emt 00:02:35]} 13. Nxg6 {[%clk 01:15:42]} {[%emt 00:01:19]} hxg6
{[%clk 01:20:20]} {[%emt 00:00:13]} 14. e4 {[%clk 01:15:45]} {[%emt 00:00:27]}
Nb6 {[%clk 01:09:11]} {[%emt 00:11:39]} 15. Qb3 {[%clk 01:10:25]} {[%emt
00:05:50]} Qc7 {[%clk 00:58:40]} {[%emt 00:11:00]} 16. f4 {[%clk 01:05:38]}
{[%emt 00:05:17]} dxe4 {[%clk 00:53:35]} {[%emt 00:05:36]} 17. Bxe4 {[%clk
01:04:36]} {[%emt 00:01:32]} Rxh3 {[%clk 00:50:27]} {[%emt 00:03:38]} 18. Kg2
{[%clk 01:01:27]} {[%emt 00:03:38]} Rh8 {[%clk 00:44:03]} {[%emt 00:06:55]} 19.
Be3 {[%clk 00:57:37]} {[%emt 00:04:19]} O-O-O {[%clk 00:35:13]} {[%emt
00:09:21]} 20. c4 {[%clk 00:52:50]} {[%emt 00:05:17]} Kb8 {[%clk 00:33:54]}
{[%emt 00:01:50]} 21. Rfc1 {[%clk 00:49:52]} {[%emt 00:03:27]} Be7 {[%clk
00:19:42]} {[%emt 00:14:41]} 22. a4 {[%clk 00:49:53]} {[%emt 00:00:30]} Nc8
{[%clk 00:13:08]} {[%emt 00:07:04]} 23. c5 {[%clk 00:47:52]} {[%emt 00:02:30]}
Rh5 {[%clk 00:08:15]} {[%emt 00:05:23]} 24. Rab1 {[%clk 00:47:34]} {[%emt
00:00:48]} Rhd5 {[%clk 00:06:22]} {[%emt 00:02:24]} 25. a5 {[%clk 00:47:37]}
{[%emt 00:00:27]} a6 {[%clk 00:05:06]} {[%emt 00:01:47]} 26. c6 {[%clk
00:46:32]} {[%emt 00:01:35]} Nd6 {[%clk 00:01:16]} {[%emt 00:04:19]} 27. cxb7
{[%clk 00:40:27]} {[%emt 00:06:35]} Qxa5 {[%clk 00:01:24]} {[%emt 00:00:22]} 28.
Bf3 {[%clk 00:34:00]} {[%emt 00:06:56]} Rb5 {[%clk 00:00:58]} {[%emt 00:00:57]}
29. Qc2 {[%clk 00:33:33]} {[%emt 00:00:57]} Nxb7 {[%clk 00:00:33]} {[%emt
00:00:55]} 30. Bxb7 {[%clk 00:08:12]} {[%emt 00:25:51]} Kxb7 {[%clk 00:01:02]}
31. Qc6+ {[%clk 00:08:33]} {[%emt 00:00:10]} Kb8 {[%clk 00:01:24]} {[%emt
00:00:07]} 32. Rxb5+ {[%clk 00:08:38]} {[%emt 00:00:25]} axb5 {[%clk 00:01:49]}
{[%emt 00:00:06]} 33. d5 {[%clk 00:08:34]} {[%emt 00:00:33]} Rh8 {[%clk
00:00:33]} {[%emt 00:01:45]} 34. d6 {[%clk 00:05:59]} {[%emt 00:03:06]} Bf6
{[%clk 00:00:33]} {[%emt 00:00:30]} 35. d7 {[%clk 00:05:36]} {[%emt 00:00:53]}
Qa2+ {[%clk 00:00:40]} {[%emt 00:00:23]} 36. Kf1 {[%clk 00:05:30]} {[%emt
00:00:34]} Bc3 {[%clk 00:00:32]} {[%emt 00:00:39]} 37. Qb6+ {[%clk 00:05:28]}
{[%emt 00:00:32]} Ka8 {[%clk 00:00:53]} {[%emt 00:00:09]} 38. d8=Q+ {[%clk
00:05:54]} {[%emt 00:00:04]} 1-0

[Event "MCR junioru 2024"]
[Site "Jaromerice nad Rokytnou, Czech Republic"]
[Date "????.??.??"]
[Round "9.5"]
[White "Hak, David"]
[Black "Jun, Rudolf"]
[Result "0-1"]
[WhiteFideId "377007"]
[BlackFideId "376612"]
[WhiteElo "2283"]
[BlackElo "2243"]

1. e4 {[%clk 01:28:00]} {[%emt 00:02:59]} c5 {[%clk 01:30:50]} {[%emt
00:00:10]} 2. Nf3 {[%clk 01:28:24]} {[%emt 00:00:06]} Nc6 {[%clk 01:31:13]}
{[%emt 00:00:08]} 3. d4 {[%clk 01:28:47]} {[%emt 00:00:06]} cxd4 {[%clk
01:31:37]} {[%emt 00:00:06]} 4. Nxd4 {[%clk 01:29:09]} {[%emt 00:00:08]} Nf6
{[%clk 01:31:59]} {[%emt 00:00:07]} 5. Nc3 {[%clk 01:29:29]} {[%emt 00:00:11]}
e5 {[%clk 01:32:16]} {[%emt 00:00:13]} 6. Ndb5 {[%clk 01:29:52]} {[%emt
00:00:07]} d6 {[%clk 01:32:39]} {[%emt 00:00:06]} 7. Nd5 {[%clk 01:30:17]}
{[%emt 00:00:06]} Nxd5 {[%clk 01:33:03]} {[%emt 00:00:06]} 8. exd5 {[%clk
01:30:38]} {[%emt 00:00:09]} Ne7 {[%emt 00:00:26]} 9. c4 {[%clk 01:30:59]} Ng6
{[%clk 01:33:02]} {[%emt 00:00:44]} 10. Qa4 {[%clk 01:30:07]} {[%emt 00:01:22]}
Bd7 {[%clk 01:29:55]} {[%emt 00:03:37]} 11. Qb4 {[%clk 01:30:30]} {[%emt
00:00:08]} Bf5 {[%clk 01:17:47]} {[%emt 00:12:37]} 12. Be3 {[%clk 01:07:30]}
{[%emt 00:23:30]} b6 {[%clk 00:59:17]} {[%emt 00:19:01]} 13. a4 {[%clk
00:45:53]} {[%emt 00:22:06]} a6 {[%clk 00:57:57]} {[%emt 00:01:50]} 14. Nc3
{[%clk 00:43:53]} {[%emt 00:02:30]} Rb8 {[%clk 00:57:58]} {[%emt 00:00:29]} 15.
Be2 {[%clk 00:38:15]} {[%emt 00:06:08]} Nf4 {[%clk 00:53:24]} {[%emt 00:05:04]}
16. Bxf4 {[%clk 00:31:43]} {[%emt 00:07:01]} exf4 {[%clk 00:53:46]} {[%emt
00:00:09]} 17. O-O {[%clk 00:27:02]} {[%emt 00:05:11]} Be7 {[%clk 00:52:04]}
{[%emt 00:02:12]} 18. Rad1 {[%clk 00:22:36]} {[%emt 00:04:56]} Bf6 {[%clk
00:45:45]} {[%emt 00:06:49]} 19. Bd3 {[%clk 00:21:13]} {[%emt 00:01:53]} Bxd3
{[%clk 00:45:21]} {[%emt 00:00:54]} 20. Rxd3 {[%clk 00:20:16]} {[%emt
00:01:27]} O-O {[%clk 00:45:11]} {[%emt 00:00:39]} 21. Ne2 {[%clk 00:20:12]}
{[%emt 00:00:34]} Re8 {[%clk 00:38:12]} {[%emt 00:07:29]} 22. Qd2 {[%clk
00:16:19]} {[%emt 00:04:24]} Re4 {[%clk 00:32:48]} {[%emt 00:05:54]} 23. Nd4
{[%clk 00:14:46]} {[%emt 00:02:02]} Bxd4 {[%clk 00:23:04]} {[%emt 00:10:14]} 24.
Rxd4 {[%clk 00:15:09]} {[%emt 00:00:08]} Qe7 {[%clk 00:23:02]} {[%emt
00:00:31]} 25. Rxe4 {[%clk 00:13:14]} {[%emt 00:02:25]} Qxe4 {[%clk 00:23:30]}
{[%emt 00:00:03]} 26. Qb4 {[%clk 00:13:25]} {[%emt 00:00:19]} Re8 {[%clk
00:21:07]} {[%emt 00:02:53]} 27. Qxb6 {[%clk 00:06:05]} {[%emt 00:07:50]} Qxc4
{[%clk 00:19:43]} {[%emt 00:01:52]} 28. Qxd6 {[%clk 00:06:00]} {[%emt
00:00:36]} Qxa4 {[%clk 00:18:38]} {[%emt 00:01:35]} 29. Qc7 {[%clk 00:04:44]}
{[%emt 00:01:47]} f3 {[%clk 00:15:28]} {[%emt 00:03:40]} 30. gxf3 {[%clk
00:04:11]} {[%emt 00:01:03]} Qb5 {[%clk 00:11:55]} {[%emt 00:04:02]} 31. Qd6
{[%clk 00:00:52]} {[%emt 00:03:50]} h5 {[%clk 00:05:14]} {[%emt 00:07:10]} 32.
Rc1 {[%clk 00:00:55]} {[%emt 00:00:27]} Qxb2 {[%clk 00:03:05]} {[%emt
00:02:40]} 33. Qc6 {[%clk 00:01:02]} {[%emt 00:00:23]} Rd8 {[%clk 00:02:39]}
{[%emt 00:00:54]} 34. Re1 {[%clk 00:01:31]} {[%emt 00:00:02]} Qb5 {[%clk
00:02:21]} {[%emt 00:00:48]} 35. Ra1 {[%clk 00:00:34]} {[%emt 00:01:27]} Rxd5
{[%clk 00:01:35]} {[%emt 00:01:16]} 36. Qxb5 {[%clk 00:00:35]} {[%emt
00:00:29]} axb5 {[%clk 00:01:58]} {[%emt 00:00:07]} 37. Ra8+ {[%clk 00:00:47]}
{[%emt 00:00:19]} Kh7 {[%clk 00:02:21]} {[%emt 00:00:07]} 38. Rb8 {[%clk
00:01:12]} {[%emt 00:00:05]} Kg6 {[%clk 00:02:19]} {[%emt 00:00:30]} 39. Kg2
{[%clk 00:01:30]} {[%emt 00:00:13]} Rf5 {[%clk 00:00:54]} {[%emt 00:01:55]} 40.
Rb7 {[%clk 00:00:49]} {[%emt 00:01:12]} Kg5 {[%clk 00:00:32]} {[%emt 00:00:51]}
41. Re7 {[%clk 00:24:05]} {[%emt 00:07:14]} Kf6 {[%clk 00:28:26]} {[%emt
00:02:35]} 42. Re8 {[%clk 00:22:01]} {[%emt 00:02:35]} g6 {[%clk 00:25:32]}
{[%emt 00:03:23]} 43. Kg3 {[%clk 00:19:47]} {[%emt 00:02:46]} Rg5+ {[%clk
00:24:58]} {[%emt 00:01:04]} 44. Kf4 {[%clk 00:15:47]} {[%emt 00:04:30]} Rc5
{[%clk 00:24:44]} {[%emt 00:00:43]} 45. Rb8 {[%clk 00:15:28]} {[%emt 00:00:50]}
Rc4+ {[%clk 00:24:37]} {[%emt 00:00:36]} 46. Kg3 {[%clk 00:14:43]} {[%emt
00:01:15]} h4+ {[%clk 00:24:39]} {[%emt 00:00:28]} 47. Kh3 {[%clk 00:11:38]}
{[%emt 00:03:35]} b4 {[%clk 00:25:05]} {[%emt 00:00:05]} 48. Rb7 {[%clk
00:09:51]} {[%emt 00:02:17]} Ke6 {[%clk 00:25:15]} {[%emt 00:00:18]} 49. Rb6+
{[%clk 00:08:10]} {[%emt 00:02:13]} Ke5 {[%clk 00:25:15]} {[%emt 00:00:28]} 50.
Kg2 {[%clk 00:05:36]} {[%emt 00:03:06]} Rf4 {[%clk 00:25:12]} {[%emt 00:00:32]}
51. Kf1 {[%clk 00:05:54]} {[%emt 00:00:13]} Kd5 {[%clk 00:25:14]} {[%emt
00:00:27]} 52. Ke2 {[%clk 00:06:02]} {[%emt 00:00:22]} Kc4 {[%clk 00:25:05]}
{[%emt 00:00:38]} 53. Ke3 {[%clk 00:06:04]} {[%emt 00:00:29]} g5 {[%clk
00:25:20]} {[%emt 00:00:14]} 54. Rb8 {[%clk 00:04:50]} {[%emt 00:01:45]} Kc3
{[%clk 00:25:34]} {[%emt 00:00:15]} 55. Ke2 {[%clk 00:04:17]} {[%emt 00:01:04]}
b3 {[%clk 00:25:15]} {[%emt 00:00:49]} 56. Rd8 {[%clk 00:04:14]} {[%emt
00:00:34]} b2 {[%clk 00:25:08]} {[%emt 00:00:35]} 57. Rd3+ {[%clk 00:04:35]}
{[%emt 00:00:10]} Kc2 {[%clk 00:25:07]} {[%emt 00:00:29]} 58. Rd2+ {[%clk
00:04:19]} {[%emt 00:00:49]} Kb3 {[%clk 00:25:26]} {[%emt 00:00:09]} 0-1

[Event "MCR junioru 2024"]
[Site "Jaromerice nad Rokytnou, Czech Republic"]
[Date "????.??.??"]
[Round "10.1"]
[White "Lang, Simon"]
[Black "Jares, Michal"]
[Result "0-1"]
[WhiteFideId "23712449"]
[BlackFideId "386839"]
[WhiteElo "2043"]
[BlackElo "2347"]

1. e4 {[%clk 01:30:42]} {[%emt 00:00:17]} c6 {[%clk 01:30:58]} {[%emt
00:00:03]} 2. d4 {[%clk 01:30:47]} {[%emt 00:00:25]} d5 {[%clk 01:31:26]}
{[%emt 00:00:02]} 3. Nc3 {[%clk 01:30:57]} {[%emt 00:00:20]} dxe4 {[%clk
01:31:53]} {[%emt 00:00:03]} 4. Nxe4 {[%clk 01:31:17]} {[%emt 00:00:10]} Bf5
{[%clk 01:32:17]} {[%emt 00:00:06]} 5. Ng3 {[%clk 01:31:16]} {[%emt 00:00:31]}
Bg6 {[%clk 01:32:45]} {[%emt 00:00:02]} 6. Nf3 {[%clk 01:31:05]} {[%emt
00:00:41]} Nd7 {[%clk 01:32:22]} {[%emt 00:00:52]} 7. h4 {[%clk 01:31:08]}
{[%emt 00:00:27]} h6 {[%clk 01:32:49]} {[%emt 00:00:03]} 8. h5 {[%clk
01:31:20]} {[%emt 00:00:18]} Bh7 {[%clk 01:33:18]} {[%emt 00:00:02]} 9. Bd3
{[%clk 01:31:34]} {[%emt 00:00:16]} Bxd3 {[%clk 01:33:44]} {[%emt 00:00:04]} 10.
Qxd3 {[%clk 01:31:55]} {[%emt 00:00:09]} e6 {[%clk 01:34:06]} {[%emt 00:00:08]}
11. Bd2 {[%clk 01:31:48]} {[%emt 00:00:37]} Ngf6 {[%clk 01:34:19]} {[%emt
00:00:16]} 12. O-O-O {[%clk 01:31:38]} {[%emt 00:00:40]} Be7 {[%clk 01:34:46]}
{[%emt 00:00:04]} 13. Ne4 {[%clk 01:30:47]} {[%emt 00:01:20]} Nxe4 {[%clk
01:34:42]} {[%emt 00:00:34]} 14. Qxe4 {[%clk 01:31:10]} {[%emt 00:00:08]} Nf6
{[%clk 01:34:56]} {[%emt 00:00:16]} 15. Qe2 {[%clk 01:30:56]} {[%emt 00:00:43]}
Qd5 {[%clk 01:29:28]} {[%emt 00:05:59]} 16. c4 {[%clk 01:28:25]} {[%emt
00:03:01]} Qe4 {[%clk 01:27:04]} {[%emt 00:02:53]} 17. Qxe4 {[%clk 01:27:48]}
{[%emt 00:01:08]} Nxe4 {[%clk 01:27:32]} {[%emt 00:00:02]} 18. Be3 {[%clk
01:27:45]} {[%emt 00:00:33]} Rd8 {[%clk 01:20:50]} {[%emt 00:07:11]} 19. Kc2
{[%clk 01:24:47]} {[%emt 00:03:28]} O-O {[%clk 01:18:18]} {[%emt 00:03:03]} 20.
Rhe1 {[%clk 01:21:59]} {[%emt 00:03:18]} Nf6 {[%clk 01:14:40]} {[%emt
00:04:08]} 21. Rh1 {[%clk 01:22:00]} {[%emt 00:00:29]} Ng4 {[%clk 01:14:36]}
{[%emt 00:00:33]} 22. Rhe1 {[%clk 01:12:41]} {[%emt 00:09:49]} Bf6 {[%clk
01:04:17]} {[%emt 00:10:49]} 23. Rd2 {[%clk 00:57:31]} {[%emt 00:15:41]} Nxe3+
{[%clk 00:55:50]} {[%emt 00:08:56]} 24. Rxe3 {[%clk 00:41:57]} {[%emt
00:16:04]} Rd7 {[%clk 00:55:54]} {[%emt 00:00:26]} 25. Red3 {[%clk 00:40:03]}
{[%emt 00:02:24]} Rfd8 {[%clk 00:54:19]} {[%emt 00:02:05]} 26. Ne5 {[%clk
00:38:03]} {[%emt 00:02:31]} Rc7 {[%clk 00:54:09]} {[%emt 00:00:40]} 27. f4
{[%clk 00:33:24]} {[%emt 00:05:08]} Rd6 {[%clk 00:46:40]} {[%emt 00:07:59]} 28.
Kd1 {[%clk 00:27:29]} {[%emt 00:06:25]} Kf8 {[%clk 00:43:28]} {[%emt 00:03:42]}
29. Ke2 {[%clk 00:27:24]} {[%emt 00:00:36]} Ke8 {[%clk 00:42:08]} {[%emt
00:01:49]} 30. Kf3 {[%clk 00:26:51]} {[%emt 00:01:03]} Be7 {[%clk 00:30:29]}
{[%emt 00:12:10]} 31. Ke4 {[%clk 00:25:08]} {[%emt 00:02:12]} f5+ {[%clk
00:30:11]} {[%emt 00:00:48]} 32. Kf3 {[%clk 00:25:01]} {[%emt 00:00:37]} Bf6
{[%clk 00:30:07]} {[%emt 00:00:35]} 33. Ke2 {[%clk 00:18:59]} {[%emt 00:06:32]}
Rd8 {[%clk 00:25:29]} {[%emt 00:05:08]} 34. g4 {[%clk 00:09:38]} {[%emt
00:09:50]} fxg4 {[%clk 00:23:34]} {[%emt 00:02:25]} 35. Rg3 {[%clk 00:09:05]}
{[%emt 00:01:03]} Rd6 {[%clk 00:17:23]} {[%emt 00:06:41]} 36. Rxg4 {[%clk
00:08:25]} {[%emt 00:01:09]} c5 {[%clk 00:16:52]} {[%emt 00:01:02]} 37. d5
{[%clk 00:06:34]} {[%emt 00:02:21]} exd5 {[%clk 00:15:26]} {[%emt 00:01:56]} 38.
Rxd5 {[%clk 00:05:20]} {[%emt 00:01:44]} Ra6 {[%clk 00:14:37]} {[%emt
00:01:19]} 39. Rg2 {[%clk 00:00:38]} {[%emt 00:05:12]} Rxa2 {[%clk 00:14:17]}
{[%emt 00:00:50]} 40. Kd3 {[%clk 00:00:51]} {[%emt 00:00:17]} b6 {[%clk
00:01:03]} {[%emt 00:13:44]} 41. Ke4 {[%clk 00:24:48]} {[%emt 00:06:33]} Ra1
{[%clk 00:29:46]} {[%emt 00:01:47]} 42. Kf5 {[%clk 00:19:38]} {[%emt 00:05:40]}
Re1 {[%clk 00:20:22]} {[%emt 00:09:53]} 43. Ke6 {[%clk 00:08:18]} {[%emt
00:11:51]} Rh1 {[%clk 00:15:08]} {[%emt 00:05:45]} 44. Kd6 {[%clk 00:07:14]}
{[%emt 00:01:34]} Re7 {[%clk 00:14:29]} {[%emt 00:01:08]} 45. Ng6 {[%clk
00:05:25]} {[%emt 00:02:19]} Re4 {[%clk 00:12:56]} {[%emt 00:02:03]} 46. Kc7
{[%clk 00:04:55]} {[%emt 00:01:00]} Rhe1 {[%clk 00:11:36]} {[%emt 00:01:50]} 47.
Ne5 {[%clk 00:03:54]} {[%emt 00:01:31]} Rxf4 {[%clk 00:10:13]} {[%emt
00:01:53]} 48. Nc6 {[%clk 00:01:45]} {[%emt 00:02:39]} Rxc4 {[%clk 00:09:52]}
{[%emt 00:00:51]} 49. Nxa7 {[%clk 00:02:02]} {[%emt 00:00:13]} Rb4 {[%clk
00:08:22]} {[%emt 00:02:00]} 50. Nc8 {[%clk 00:00:39]} {[%emt 00:01:53]} Rxb2
{[%clk 00:08:05]} {[%emt 00:00:47]} 51. Rxb2 {[%clk 00:00:52]} {[%emt
00:00:17]} Bxb2 {[%clk 00:08:34]} {[%emt 00:00:02]} 52. Nxb6 {[%clk 00:00:56]}
{[%emt 00:00:26]} Bd4 {[%clk 00:07:08]} {[%emt 00:01:55]} 53. Kd6 {[%clk
00:00:58]} {[%emt 00:00:27]} Re7 {[%clk 00:05:18]} {[%emt 00:02:21]} 54. Rf5
{[%clk 00:00:43]} {[%emt 00:00:45]} Rf7 {[%clk 00:04:58]} {[%emt 00:00:50]} 55.
Rd5 {[%clk 00:00:41]} {[%emt 00:00:32]} Rf6+ {[%clk 00:04:11]} {[%emt
00:01:17]} 56. Kc7 {[%clk 00:01:05]} {[%emt 00:00:06]} Re6 {[%clk 00:04:03]}
{[%emt 00:00:38]} 57. Rf5 {[%clk 00:00:32]} {[%emt 00:01:03]} Re5 {[%clk
00:03:55]} {[%emt 00:00:38]} 58. Rf3 {[%clk 00:00:32]} {[%emt 00:00:29]} Rxh5
{[%clk 00:04:06]} {[%emt 00:00:20]} 59. Kd6 {[%clk 00:00:40]} {[%emt 00:00:22]}
Bf6 {[%clk 00:03:30]} {[%emt 00:01:06]} 60. Nd5 {[%clk 00:00:39]} {[%emt
00:00:31]} Kf7 {[%clk 00:03:30]} {[%emt 00:00:30]} 61. Kxc5 {[%clk 00:00:33]}
{[%emt 00:00:36]} Ke6 {[%clk 00:02:20]} {[%emt 00:01:41]} 62. Re3+ {[%clk
00:00:59]} {[%emt 00:00:03]} Re5 {[%clk 00:02:40]} {[%emt 00:00:10]} 63. Kc4
{[%clk 00:01:00]} {[%emt 00:00:29]} Rxe3 {[%clk 00:01:00]} {[%emt 00:02:11]} 64.
Nxe3 {[%clk 00:01:28]} {[%emt 00:00:01]} Ke5 {[%clk 00:00:52]} {[%emt
00:00:38]} 65. Kd3 {[%clk 00:01:28]} {[%emt 00:00:29]} h5 {[%clk 00:00:48]}
{[%emt 00:00:34]} 66. Ke2 {[%clk 00:01:44]} {[%emt 00:00:15]} g5 {[%clk
00:00:53]} {[%emt 00:00:24]} 67. Kf3 {[%clk 00:01:55]} {[%emt 00:00:20]} Be7
{[%clk 00:00:49]} {[%emt 00:00:33]} 68. Ng2 {[%clk 00:02:03]} {[%emt 00:00:22]}
Bc5 {[%clk 00:00:49]} {[%emt 00:00:31]} 69. Ne1 {[%clk 00:01:35]} {[%emt
00:00:58]} Kf5 {[%clk 00:01:09]} {[%emt 00:00:11]} 70. Kg2 {[%clk 00:01:17]}
{[%emt 00:00:47]} g4 {[%clk 00:01:07]} {[%emt 00:00:32]} 71. Kg3 {[%clk
00:01:12]} {[%emt 00:00:36]} Be7 {[%clk 00:00:50]} {[%emt 00:00:46]} 72. Nd3
{[%clk 00:00:56]} {[%emt 00:00:46]} Kg5 {[%clk 00:00:40]} {[%emt 00:00:40]} 73.
Kg2 {[%clk 00:00:47]} {[%emt 00:00:39]} Bd8 {[%clk 00:00:44]} {[%emt 00:00:25]}
74. Nf2 {[%clk 00:00:42]} {[%emt 00:00:36]} Kf5 {[%clk 00:00:32]} {[%emt
00:00:42]} 75. Kh2 {[%clk 00:00:47]} {[%emt 00:00:25]} Bb6 {[%clk 00:00:44]}
{[%emt 00:00:17]} 76. Nd3 {[%clk 00:00:51]} {[%emt 00:00:27]} h4 {[%clk
00:00:47]} {[%emt 00:00:27]} 77. Ne1 {[%clk 00:01:13]} {[%emt 00:00:08]} Bc7+
{[%clk 00:00:56]} {[%emt 00:00:22]} 78. Kh1 {[%clk 00:01:21]} {[%emt 00:00:21]}
h3 {[%clk 00:00:48]} {[%emt 00:00:38]} 79. Nd3 {[%clk 00:01:26]} {[%emt
00:00:25]} g3 {[%clk 00:00:46]} {[%emt 00:00:31]} 80. Nf2 {[%clk 00:01:23]}
{[%emt 00:00:33]} g2+ {[%clk 00:00:55]} {[%emt 00:00:22]} 81. Kg1 {[%clk
00:01:46]} {[%emt 00:00:06]} Bb6 {[%clk 00:01:23]} {[%emt 00:00:02]} 0-1